000 00416nam a2200181Ia 4500
005 20250423101633.0
008 250422s9999 xx 000 0 und d
020 _a0- 8273- 3484- 2
050 _aTT385.F85/
100 _aJames Edward Fuller
245 0 _aUsing AutoCAD
250 _a3rd ed.
260 _bDelmar publishers
260 _c1989
300 _a28 p
650 _aComputer graphics
942 _cBK
999 _c36828
_d36828